[Event "GER-ch U25-B"]
[Site "Willingen"]
[Date "2023.05.30"]
[Round "4"]
[White "Derhay, Davyd"]
[Black "Kraus, Johanna"]
[Result "1-0"]
[WhiteElo "1376"]
[BlackElo "1408"]
[PlyCount "63"]
[EventDate "2023.05.27"]
[EventType "swiss"]
[EventRounds "9"]
[EventCountry "GER"]
[SourceTitle "CBM 214 Extra"]
[Source "ChessBase"]
[SourceDate "2023.07.31"]
[SourceVersion "1"]
[SourceVersionDate "2023.07.31"]
[SourceQuality "1"]

1. e4 d5 2. exd5 Qxd5 3. Nc3 Qa5 4. d4 c5 5. dxc5 e5 6. Be3 Nf6 7. a3 a6 8. b4 Qc7 9. Na4 Nbd7 10. Nf3 Be7 11. Be2 0-0 12. c4 Rd8 13. Qc2 a5 14. 0-0 h6 15. h3 Qc6 16. Rfe1 Nf8 17. Nb6 Ra7 18. Nxe5 Qe8 19. c6 Be6 20. c7 Rc8 21. Nxc8 Qxc8 22. Bxa7 Qxc7 23. Bf3 b6 24. Nc6 Bd6 25. c5 Bh2+ 26. Kh1 bxc5 27. Bxc5 N8d7 28. Nxa5 Bf4 29. Nc6 Ne5 30. Nxe5 Bxe5 31. Rad1 Qc8 32. Rxe5 1-0